000 00332 a2200169 4500
001 179099
020 _a978-85-08-09719-7
040 _cMagnum
100 _aFurnari, Eva
240 1 0 _aCacoete
_lpor
245 1 0 _aCacoete
300 _a32
362 0 _a2008
440 1 _aÁtica
697 _aLITERATURA INFANTO
942 _cBK
999 _c179099
_d179099